Alternative paths to power (Record no. 70619)

MARC details
000 -LEADER
fixed length control field 01028cam a2200229 4500
001 - CONTROL NUMBER
control field ABS65643
008 - FIXED-LENGTH DATA ELEMENTS--GENERAL INFORMATION
fixed length control field 020701n2002 000 0 eng u
035 ## - SYSTEM CONTROL NUMBER
System control number (Sirsi) u118598
100 ## - MAIN ENTRY--PERSONAL NAME
Personal name Asquith, R.
245 ## - TITLE STATEMENT
Title Alternative paths to power
260 ## - PUBLICATION, DISTRIBUTION, ETC.
Date of publication, distribution, etc. 2002
490 ## - SERIES STATEMENT
Series statement Planning (for the Natural and Built Environment)
Volume/sequential designation 24 May 2002, 17(1)
520 ## - SUMMARY, ETC.
Summary, etc. Discusses the uptake and development of renewable energy as the government tries to meet the UK's commitments under the Kyoto Treaty. Notes that revised government guidance may soon require local planning authorities to give the subject more prominance. Argues that the benefits of renewable energy are considerable, and include, regeneration of rural areas and encouragement of communitiy involvement.
590 ## - LOCAL NOTE (RLIN)
Local note ABS
650 ## - SUBJECT ADDED ENTRY--TOPICAL TERM
Topical term or geographic name entry element PLANNERS
650 ## - SUBJECT ADDED ENTRY--TOPICAL TERM
Topical term or geographic name entry element PLANNING SYSTEM
650 ## - SUBJECT ADDED ENTRY--TOPICAL TERM
Topical term or geographic name entry element RENEWABLE ENERGY
650 ## - SUBJECT ADDED ENTRY--TOPICAL TERM
Topical term or geographic name entry element RURAL ECONOMY
650 ## - SUBJECT ADDED ENTRY--TOPICAL TERM
Topical term or geographic name entry element PLANNING AUTHORITIES
690 ## - LOCAL SUBJECT ADDED ENTRY--TOPICAL TERM (OCLC, RLIN)
Topical term or geographic name as entry element ENVIRONMENTAL AND LAND CONSULTANCY-PLANNING AND DEVELOPMENT
942 ## - ADDED ENTRY ELEMENTS (KOHA)
Suppress in OPAC 0
Holdings
Withdrawn status Lost status Source of classification or shelving scheme Damaged status Not for loan Home library Current library Shelving location Date acquired Total Checkouts Full call number Barcode Date last seen Copy number Price effective from Koha item type
    Dewey Decimal Classification     London London Journal article 01/07/2002   ABS65643 118598-1001 06/08/2019 1 06/08/2019 Journal article